5HLuxD.jpg

KING HENRY VIII SENIOR AND PRIMARY SCHOOL LIBRARY OPAC

The Iliad : (Record no. 2880)

000 -LEADER
fixed length control field 01343cam a2200385 i 4500
001 - CONTROL NUMBER
control field 20705856
003 - CONTROL NUMBER IDENTIFIER
control field OSt
005 - DATE AND TIME OF LATEST TRANSACTION
control field 20230908113509.0
008 - FIXED-LENGTH DATA ELEMENTS--GENERAL INFORMATION
fixed length control field 181012s2019 maua j 000 1 eng
010 ## - LIBRARY OF CONGRESS CONTROL NUMBER
LC control number 2018961357
020 ## - INTERNATIONAL STANDARD BOOK NUMBER
International Standard Book Number 9780763681135
040 ## - CATALOGING SOURCE
Original cataloging agency DLC
Language of cataloging eng
Transcribing agency DLC
Description conventions rda
Modifying agency KH8
042 ## - AUTHENTICATION CODE
Authentication code lcac
-- pcc
082 00 - DEWEY DECIMAL CLASSIFICATION NUMBER
Classification number 741.5 HIN
Edition number 23
100 1# - MAIN ENTRY--PERSONAL NAME
Personal name Hinds, Gareth,
Dates associated with a name 1971-
Relator term author..
245 14 - TITLE STATEMENT
Title The Iliad :
Remainder of title a graphic novel /
Statement of responsibility, etc. by Gareth Hinds.
250 ## - EDITION STATEMENT
Edition statement First edition.
264 #1 - PRODUCTION, PUBLICATION, DISTRIBUTION, MANUFACTURE, AND COPYRIGHT NOTICE
Place of production, publication, distribution, manufacture Somerville, Massachusetts :
Name of producer, publisher, distributor, manufacturer Candlewick Press,
Date of production, publication, distribution, manufacture, or copyright notice 2019.
300 ## - PHYSICAL DESCRIPTION
Extent 246 pages :
Other physical details color illustrations ;
Dimensions 28 cm
336 ## - CONTENT TYPE
Content type term text
Content type code txt
Source rdacontent
336 ## - CONTENT TYPE
Content type term still image
Content type code sti
Source rdacontent
337 ## - MEDIA TYPE
Media type term unmediated
Media type code n
Source rdamedia
338 ## - CARRIER TYPE
Carrier type term volume
Carrier type code nc
Source rdacarrier
520 ## - SUMMARY, ETC.
Summary, etc. Retells, in graphic novel format, Homer's epic tale of the war between Greece and the city of Troy, focusing on Achilles' quarrel with Agamemnon.
600 00 - SUBJECT ADDED ENTRY--PERSONAL NAME
Personal name Achilles
Titles and other words associated with a name (Mythological character)
Form subdivision Juvenile fiction.
600 01 - SUBJECT ADDED ENTRY--PERSONAL NAME
Personal name Achilles
Titles and other words associated with a name (Mythological character)
Form subdivision Fiction.
600 01 - SUBJECT ADDED ENTRY--PERSONAL NAME
Personal name Homer.
Title of a work Iliad
Form subdivision Adaptations.
650 #0 - SUBJECT ADDED ENTRY--TOPICAL TERM
Topical term or geographic name entry element Trojan War
Form subdivision Juvenile fiction.
650 #1 - SUBJECT ADDED ENTRY--TOPICAL TERM
Topical term or geographic name entry element Graphic novels.
650 #1 - SUBJECT ADDED ENTRY--TOPICAL TERM
Topical term or geographic name entry element Trojan War
Form subdivision Fiction.
650 #1 - SUBJECT ADDED ENTRY--TOPICAL TERM
Topical term or geographic name entry element Mythology, Greek
Form subdivision Fiction.
655 #0 - INDEX TERM--GENRE/FORM
Genre/form data or focus term Graphic novels.
700 0# - ADDED ENTRY--PERSONAL NAME
Personal name Homer.
Title of a work Iliad.
942 ## - ADDED ENTRY ELEMENTS (KOHA)
Source of classification or shelving scheme
Koha item type Teaching Resources
Holdings
Withdrawn status Lost status Source of classification or shelving scheme Damaged status Not for loan Collection code Permanent Location Current Location Shelving location Date acquired Full call number Barcode Date last seen Price effective from Koha item type
          Teaching Resources KH8 Senior School Library KH8 Senior School Library Staff Office 2023-09-08 741.5 HIN TRKHSL002526 2023-09-08 2023-09-08 Teaching Resources
          Teaching Resources KH8 Senior School Library KH8 Senior School Library Staff Office 2023-09-08 741.5 HIN TRKHSL002527 2023-09-08 2023-09-08 Teaching Resources

Powered By KH8 IT Dept